Luật các tổ chức tín dụng

Sách trình bày nội dung Luật các tổ chức tín dụng với các phần những quy định chung, ngân hàng chính sách, giấy phép, tổ chức, quản trị, điều hành của tổ chức tín dụng, chi nhánh ngân hàng nước ngoài, hoạt động của tổ chức tín dụng, chi n...

Full description

Saved in:
Bibliographic Details
Format: Book
Language:Vietnamese
Published: H. Chính trị quốc gia sự thật 2024
Subjects:
Tags: Add Tag
No Tags, Be the first to tag this record!
Institutions: Thư viện Trường Đại học Nam Cần Thơ
LEADER 01478nam a22002057a 4500
001 NCT_4_009162
008 240617b xxu||||| |||| 00| 0 vie d
999 |c 8400  |d 8400 
020 |a 9786045793558  |c 62000 
082 0 4 |2 23rd ed.  |a 346.59707  |b L504C 
245 0 0 |a Luật các tổ chức tín dụng 
260 |a H.  |b Chính trị quốc gia sự thật  |c 2024 
300 |a 275 tr.  |c 19cm 
520 3 |a Sách trình bày nội dung Luật các tổ chức tín dụng với các phần những quy định chung, ngân hàng chính sách, giấy phép, tổ chức, quản trị, điều hành của tổ chức tín dụng, chi nhánh ngân hàng nước ngoài, hoạt động của tổ chức tín dụng, chi nhánh ngân hàng nước ngoài,... 
653 |a Luật học 
942 |2 ddc  |c BK 
952 |0 0  |1 0  |2 ddc  |4 0  |6 346_597070000000000_L504C  |7 0  |9 28993  |a 000001  |b 000001  |d 2024-06-17  |l 5  |m 1  |o 346.59707 L504C  |p MD.22522  |q 2025-12-19  |r 2025-12-05  |s 2025-12-05  |v 62000.00  |w 2024-06-17  |y BK 
952 |0 0  |1 0  |2 ddc  |4 0  |6 346_597070000000000_L504C  |7 0  |9 28994  |a 000001  |b 000001  |d 2024-06-17  |l 2  |m 1  |o 346.59707 L504C  |p MD.22523  |r 2025-11-28  |s 2025-11-28  |v 62000.00  |w 2024-06-17  |y BK 
952 |0 0  |1 0  |2 ddc  |4 0  |6 346_597070000000000_L504C  |7 0  |9 28995  |a 000001  |b 000001  |d 2024-06-17  |l 10  |o 346.59707 L504C  |p MD.22524  |q 2025-12-19  |r 2025-12-05  |s 2025-12-05  |v 62000.00  |w 2024-06-17  |y BK 
980 |a Thư viện Trường Đại học Nam Cần Thơ